O hipopótamo Reboliço (Registo nº 4600)
[ vista simples ]
| 000 -Etiqueta do registo | |
|---|---|
| Cabeçalho | 00744nam0a2200253 4500 |
| 005 - Identificador da versão | |
| Campo de controlo | 20240813122106.0 |
| 095 ## - | |
| -- | PTBN00202131 |
| 100 ## - Dados gerais de processamento | |
| Dados gerais de processamento | 20170309d1980 cd y0pory500305 ba |
| 102 ## - Pais de publicação ou produção | |
| País de publicação | Portugal |
| 101 1# - Língua de publicação | |
| Língua do texto, banda sonora, etc. | Português |
| Língua do documento no original | Francês |
| 215 ## - Descrição física | |
| Indicação específica da natureza do documento e extensão da espécie | 44 p. |
| Outras indicações físicas | il. color |
| 200 1# - Titulo e menção de responsabilidade | |
| Título próprio | O hipopótamo Reboliço |
| Primeira menção de responsabilidade | Marcelle Vérité |
| Outras menções de responsabilidade | [il.] Romain Simon |
| -- | trad. Manuel Ruas |
| 225 1# - Colecção | |
| Título próprio da colecção | Sei ler |
| Indicação de volume | 6 |
| 210 ## - Publicação, Distribuição, etc. | |
| Lugar da edição, distribuição, etc. | Lisboa |
| Nome do editor, distribuidor, etc. | Plátano ed. |
| Data da publicação, distribuição, etc. | [1980] |
| 606 ## - Nome comum usado como assunto | |
| Número de registo de entrada de autoridade | 0001419 |
| Palavra de ordem | Literatura francesa |
| Subdivisão de assunto | Conto |
| Código do sistema | CA |
| 675 ## - Classificação Decimal Universal (CDU) | |
| Notação | 821.133.1-34 |
| Edição | 3ª ed. |
| Língua da edição | por |
| 702 #1 - Nome de autor-pessoa física (responsabilidade secundária) | |
| Número de registo de entrada de autoridade | 0001736 |
| Palavra de ordem | Simon |
| Outra parte do nome não tomada para palavra de ordem | Romain |
| Código de função | Ilustrador / Técnico de desenho computorizado |
| Número de registo de entrada de autoridade | 0001737 |
| Palavra de ordem | Ruas |
| Outra parte do nome não tomada para palavra de ordem | Manuel |
| Código de função | Tradutor |
| 700 #1 - Nome de autor-pessoa física (responsabilidade principal) | |
| Número de registo de entrada de autoridade | 0001735 |
| Palavra de ordem | Vérité |
| Outra parte do nome não tomada para palavra de ordem | Marcelle |
| 966 ## - Identificação da Biblioteca | |
| Sigla | EBVEN |
| 942 ## - Elementos de entrada adicionados (Koha) | |
| Tipo de item no Koha | Livro |
| Situação do levantamento | Origin of item (home branch) (coded) | Biblioteca de empréstimo | Código de barras | Cota | Circulation type (not for loan) | Tipo de documento | Nota do exemplar | Damaged status |
|---|---|---|---|---|---|---|---|---|
| Biblioteca Escolar das Vendas | Biblioteca Escolar das Vendas | BEV680 | 8EST VER | Livro | Sem mensagem | |||
| Biblioteca Escolar das Vendas | Biblioteca Escolar das Vendas | BEV1486 | 8EST VER | Livro | Sem mensagem |
